000 00191nam a2200085Ia 4500
008 170620s9999 xx 000 0 und d
100 _aSCC
245 0 _aSUPREME COURT CASES
260 _b"LUCHNOW
260 _c EASTERN BOOK"
999 _c29551
_d29551